Statistiques concernant Paris Saint-Germain - le grand quiz

Cliquez ici pour prendre le quiz!

Statistiques générales

  • Ce quiz a été pris 214 fois
    (61 depuis la dernière actualisation)
  • Le résultat moyen est 25 sur 40

Statistiques - réponses

QuestionRéponse% Correct
Quel est le diminutif de Paris Saint-Germain ?PSG
100%
Qui est actuellement le meilleur buteur de l’histoire du club ?Kylian Mbappé
98%
Combien de championnats ont été gagnés par le club ?11
95%
Combien de Coupe de France ont été gagnées par le club ?14
89%
Qui est actuellement le joueur le plus capé de l’histoire du club ?Marquinhos
88%
Quel joueur du club est surnommé « El Matador » ?Edinson Cavani
86%
Quelle superstar du ballon rond, l’un si ce n’est le meilleur joueur de l’histoire, rejoint le PSG à l’été 2021 ?Lionel Messi
86%
Quel gardien italien très célèbre rejoint le club en 2018 ?Gianluigi Buffon
84%
Suite au sacre de Monaco en 2017, quel joueur arrive au club contre le montant le plus cher de l’histoire du football (222 millions) afin d’aider le club à reconquérir le titre de Ligue 1 ?Neymar Jr
84%
Quelle équipe va infliger une humiliation au PSG avec la remontada, où les parisiens seront éliminés 6-1 en ayant gagné le match aller 4-0 ?FC Barcelone
82%
Quel joueur, formé au club, marque le but en finale de LDC, offrant le titre au Bayern ?Kingsley Coman
82%
Quelle immense star du football brésilien arrive à Paris en 2001 jusqu’en 2003, remportant la Coupe du Monde entre temps ?Ronaldinho
82%
Quel entraîneur, limogé à la mi-saison, remporte la Ligue des Champions 2020-2021 avec Chelsea ?Thomas Tuchel
82%
Quelle superstar accompagne Thiago Silva , tous deux à l’AC Milan, à Paris à l’été 2012 ?Zlatan Ibrahimović
82%
Quelle marque filiale de Nike conçoit certains maillots du PSG (domicile,LDC,third) ?Jordan
79%
Quel état rachète le Paris Saint-Germain en 2011 ?Qatar
79%
Quelle chaîne de télévision rachète des parts du club en 1991 ?Canal +
75%
Quel joueur argentin éternellement sous-coté fera énormément de saisons à ces côtés ?Ángel Di María
74%
Après le départ de ce dernier, quel portugais, considéré comme un des meilleurs attaquants de l’histoire du club arrive dans la capitale ?Pauleta
74%
Quel coach italien de renommé internationale remplace Kombouaré durant la trêve hivernale de la saison 2011-12 ?Carlo Ancelotti
70%
Quel joueur est acheté 42 millions à l’été 2011, record à l’époque ?Javier Pastore
65%
Quel ancien joueur parisien et futur coach du FC Nantes coache le club de 2009 à 2011 ?Antoine Kombouaré
60%
Quelle branche tout particulièrement racheté le club ? (En 3 lettres)QSI
60%
Quel chanteur et ex-joueur de tennis est embauché en tant que préparateur mental en 1996 ?Yannick Noah
58%
Avec quel autre club fusionne t-il à ses débuts avant de se séparer ?Paris FC
56%
En quelle année le club parisien soulève son premier trophée de champion de France ?1986
54%
Quel futur président et Ballon d’or au club en 1992 et ce jusqu’en 1995 ?George Weah
54%
Quel élément du blason parisien est retiré lors de l’été 2013 ?Le berceau
54%
Quel ancien tennisman professionnel devient alors président du club ?Nasser al-Khelaïfi
54%
Quelle star nigériane débarque au club lors de l’été 1998 ?Jay-Jay Okocha
49%
Quel célèbre acteur de l’époque fait partie du projet de relance du club en 1973 ?Jean-Paul Belmondo
42%
Quel consultant Bein Sports et ex-international français évolue au club de 1978 à 1986, porte le brassard de capitaine et devient une figure emblématique du club ?Luis Fernandez
37%
Quelle personnalité, également dans le projet, a été président du club et a donné son nom à la bande rouge du maillot parisien ?Daniel Hechter
33%
Contre quelle équipe le club remporte la finale de la Coupe des Coupes 1995-96 ?Rapid Vienne
32%
Quel futur entraîneur de Liverpool et de l’équipe de France prend les rênes du club entre 1985 et 1988 ?Gérard Houllier
21%
Suite à de nombreux résultats décevants, à quelle société états-unienne Canal + revend le club en 2006 ?Colony Capital
18%
Contre quelle équipe improbable le club parisien s’incline en finale de la Coupe de la Ligue 1999-2000 ?FC Gueugnon
18%
Comment se nommait le club à l’origine avant le PSG ?Stade saint-germanois
12%
Qui fut le premier joueur pro engagé par le club ?Jean Djorkaeff
9%
Comment sont surnommés les supporters parisiens attirés par le club juste par les superstars ?Les lynx
4%

Distribution des résultats

Percentile par nombre de réponses

% des personnes avec chaque résultat

Votre développement - résultats

Vous n’avez pas pris ce quiz depuis la dernière actualisation